IFM Opac

High School English Grammar and Composition (Record no. 16956)

MARC details
000 -LEADER
fixed length control field 00349nam a22001457a 4500
020 ## - INTERNATIONAL STANDARD BOOK NUMBER
International Standard Book Number 8121900093
082 ## - DEWEY DECIMAL CLASSIFICATION NUMBER
Classification number 425WRE
Item number 1
100 ## - MAIN ENTRY--PERSONAL NAME
Personal name WREN,P.C.
245 ## - TITLE STATEMENT
Title High School English Grammar and Composition
260 ## - PUBLICATION, DISTRIBUTION, ETC.
Place of publication, distribution, etc. INDIA
Date of publication, distribution, etc. 2012
300 ## - PHYSICAL DESCRIPTION
Extent Viii,:ill,376p.24cm.
650 ## - SUBJECT ADDED ENTRY--TOPICAL TERM
Topical term or geographic name entry element English Grammer
700 ## - ADDED ENTRY--PERSONAL NAME
Personal name P.C. WREN and H.MARTIN
942 ## - ADDED ENTRY ELEMENTS (KOHA)
Koha item type Books
Holdings
Withdrawn status Lost status Damaged status Not for loan Home library Current library Shelving location Date acquired Serial Enumeration / chronology Total Checkouts Full call number Barcode Date last seen Price effective from Koha item type
        IFM Main Campus Library IFM Main Campus Library Special Reserve Collection 10/28/2016 0000028648   425WRE 1 36149/2012 10/28/2016 10/28/2016 Books